| 000 | 00775nam a2200241 a 4500 | ||
|---|---|---|---|
| 001 | BRL_851 | ||
| 005 | 20190320210926.0 | ||
| 008 | 181013s1980----u--a######---#000-0#eng-# | ||
| 041 | _aeng | ||
| 044 | _au | ||
| 050 | 4 |
_aE99.H7 _b.W75 1980 |
|
| 100 | 1 |
_aWright, Barton _925130 |
|
| 245 | 1 | 0 |
_aHopi kachinas _bthe complete guide to collecting kachina dolls _cby Barton Wright ; Peter Bloomer, photographer. |
| 260 |
_aFlagstaff, Arizona _bNorthland Press _c1980 |
||
| 300 |
_aix, 139 p. _bil. (algunas a color) _c25 cm. |
||
| 500 | _aAu989 | ||
| 504 | _aBibliografía: p. 25-26 | ||
| 650 | 1 | 4 |
_aMuñecas kachina _xColeccionistas y colecciones _925131 |
| 650 | 1 | 4 |
_aIndigenas hopi _xReligión _925132 |
| 700 | 1 |
_aBloomer, Peter _eil. _925133 |
|
| 902 | _aGRL | ||
| 942 |
_2lcc _cB |
||
| 999 |
_c9663 _d9663 |
||